| 000 | 00940nam a2200241 a 4500 | ||
|---|---|---|---|
| 001 | 71096 | ||
| 003 | BD-RjUL | ||
| 005 | 20211209082058.0 | ||
| 008 | 170426s1985 bg ||||| |||| 00| 0 ben d | ||
| 035 | _a(BD-RjUL)71311 | ||
| 040 |
_aBD-RjUL _beng _cBD-RjUL |
||
| 041 | _aeng | ||
| 082 |
_223 _a616.89 _bNAM 1985 |
||
| 100 |
_aনবী, দেওয়ান ওয়াহিদুন _9210351 |
||
| 245 |
_a মানসিক ব্যাধি ও মানসিক সমস্যা : _bএকটি পরচিতি / _cদেওয়ান ওয়াহিদুন নবী |
||
| 260 |
_aরাজশাহী : _bনার্গিস সাহানা, _c১৯৮৫. |
||
| 300 |
_a১৫১ পৃ. ; _c১৮ সেমি. |
||
| 650 |
_aমানসিক ব্যাধি _9210354 |
||
| 650 |
_aMental disorder. _9210355 |
||
| 650 |
_aথেরাপি _9210352 |
||
| 650 |
_aTherapy. _9210915 |
||
| 942 |
_2ddc _cBK |
||
| 999 |
_c71096 _d71096 |
||